| 000 | 00458nam a22001697a 4500 | ||
|---|---|---|---|
| 003 | NUST - PNEC | ||
| 005 | 20170116181158.0 | ||
| 008 | 160118b xxu||||| |||| 00| 0 eng d | ||
| 020 | _a9780553804980 | ||
| 040 | _cLIBRARY | ||
| 082 | _a158.2 URY | ||
| 100 |
_916096 _aUry, William; |
||
| 245 |
_aThe power of a positive No : how to say No and still get to Yes _cWilliam; Ury, |
||
| 260 | _c823.92 HAN | ||
| 650 |
_916097 _a- _xGeneral |
||
| 942 |
_2ddc _cBK |
||
| 999 |
_c71303 _d71303 |
||